|
|
|
|
| LEADER |
00000nam0a2200000 4500 |
| 001 |
163426 |
| 005 |
20231101222408.0 |
| 010 |
|
|
|a 9785394000546
|b 1500 экз. (1-й з-д 1-200)
|
| 021 |
|
|
|a RU
|b 08-52331
|9 08-2896
|
| 035 |
|
|
|a (RuTPU)RU\TPU\book\177321
|
| 090 |
|
|
|a 163426
|
| 100 |
|
|
|a 20090818d2009 m y0rusy5002 ca
|
| 101 |
0 |
|
|a rus
|
| 102 |
|
|
|a RU
|
| 105 |
|
|
|a y j 001zy
|
| 200 |
1 |
|
|a Авторское право
|e учебное пособие
|f И. В. Свечникова
|
| 210 |
|
|
|a Москва
|c Дашков и Ко
|d 2009
|
| 215 |
|
|
|a 206 с.
|d 20 см.
|
| 320 |
|
|
|a Библиогр.: с. 197-206.
|
| 330 |
|
|
|a Учебное пособие подготовлено в соответствии с требованиями Государственного образовательного стандарта. В нем рассмотрены все основные вопросы авторского права: история становления и развития; субъекты и объекты авторского права; договоры, заключаемые автором произведения; права, смежные с авторскими; защита авторских и смежных прав. Основные положения законодательства Российской Федерации в области авторского права и смежных прав и правоприменительная практика рассматриваются с учетом положений 4-й части ГК РФ, приведенных в сравнении с нормами, действовавшими до 1 января 2008 г.Для студентов, аспирантов и преподавателей юридических вузов, практических работников, а также всех, кто интересуется проблемами авторского права.
|
| 606 |
1 |
|
|a Авторское право
|2 stltpush
|3 (RuTPU)RU\TPU\subj\1355
|9 30139
|
| 610 |
1 |
|
|a учебные пособия
|
| 610 |
1 |
|
|a авторские права
|
| 610 |
1 |
|
|a договоры
|
| 610 |
1 |
|
|a смежные права
|
| 610 |
1 |
|
|a защита
|
| 686 |
|
|
|a Х623.3я73
|2 rubbk
|
| 700 |
|
1 |
|a Свечникова
|b И.В.
|g Ирина Васильевна
|4 070
|
| 801 |
|
0 |
|a RU
|b 63413507
|c 20080808
|g PSBO
|
| 801 |
|
1 |
|a RU
|b 63413507
|c 20090818
|
| 801 |
|
2 |
|a RU
|b 63413507
|c 20211014
|g RCR
|
| 942 |
|
|
|c BK
|